| 000 | 01529nam a22001697a 4500 | ||
|---|---|---|---|
| 020 | _a9789507416873 | ||
| 080 | _a347.6/ 63 Az 72 | ||
| 100 | _aAizpiri, Jorge O. | ||
| 245 |
_aIncidencias del Codigo Civil y Comercial: _bderecho de familia |
||
| 250 | _a1° Ed. 6° Reimp. | ||
| 260 |
_aBuenos Aires: _bHammurabi, _c2015 |
||
| 300 |
_a296 P. _c23 X 16 Cm. |
||
| 490 |
_aDerecho de Familia _v1 |
||
| 650 |
_xderecho de familia _xfamilia _xmatrimonio _xesponsales _ximpedimentos matrimoniales _xnulidad _xderechos de conyuges _xdeberes de conyuges _xdivorcio _xalimentos _xcompensacion economica _xatribucion de vivienda _xdisolucion _xregimen patrimonial _xproteccion de vivienda familiar _xconvenciones matrimoniales _xresponsabildad por deudas _xcomunidad _xbienes propios _xbienes gananciales _xfraude _xseparacion judicial de bienes _xindivision postcomunitaria _xliquidacion _xrecompensas _xliquidacion por bigamia _xuniones convivenciales _xproyecto de vida en comun _xpactos en comun _xgastos del hogar _xparentezco _xalimentos _xfiliacion _xcertificado de nacimiento _xreproduccion humana asistida _xfiliacion matrimonial _xfiliacion extramatrimonial _xreconocimiento _xaccion de filiacion _xprueba _ximpugnacion de maternidad _xposesion de estado _ximpugnacion de reconocimiento _xadopcion _xguarda _xadopcion simple _xadopcion plena _xjuicio de adopcion _xnulidad _xadopcion en el extranjero _xresponsabilidad parental _xcuidado personal _xdeber alimentario _xhijo mayor de edad _xderecho de comunicacion _xdeber de comunicacion |
||
| 942 | _6_ | ||
| 945 |
_acd _d2023-08-03 |
||
| 999 |
_c5318 _d235822 |
||